000 01384nam a2200349 i 4500
003 EG-GICUC
005 20260504153547.0
008 260504s1999 ua ||||fr|||| 000 0 ara d
017 _a2000/1942
020 _a977/223/389/4
040 _a EG-GICUC
_bara
_c EG-GICUC
_d EG-GICUC
_erda
041 0 _aara
082 0 4 _221
_a351
_bف خ . إ
092 0 4 _221
099 _aLaw1 09 351 ف خ . إ 1999
100 0 _aفخر الدين خالد
_eمؤلف.
245 1 2 _aالإدارة العامة :
_bالفرص والتحديات /
_cفخر الدين خالد، مصطفى عبدالقادر ؛ تحرير سلوى شعراوي جمعة.
264 1 _aالقاهرة :
_bمركز دراسات وإستشارات الإدارة العامة،
_c1999.
300 _a86 صفحة، صفحات غير مرقمة :
_bجداول ؛
_c28 سم.
336 _2rda content
_atext
337 _2rda media
_aComputer
338 _2rda carrier
_aOnline Resource
490 _aمنتدي السياسة العامة.
_33.
546 _aالنص باللغة العربية
650 1 _aالإدارة العامة
_2qrmak
651 1 _2qrmak
700 _aمصطفى عبدالقادر
_eمؤلف مشارك.
700 _aسلوى شعراوي جمعة.
_eمحرر.
856 4 0 _uhttps://fll.law.cu.edu.eg/fulltext/bks/B09-01139.pdf
905 _a62
942 _2ddc
_n0
_cBK
_e21
999 _c75511
_d75511